| 000 | 00496nam a22001817a 4500 | ||
|---|---|---|---|
| 003 | OSt | ||
| 005 | 20260408012409.0 | ||
| 008 | 260408b |||||||| |||| 00| 0 eng d | ||
| 020 | _a0-440-20623-5. | ||
| 040 |
_aDWC-Main lib. _cOC |
||
| 082 | _aFic. H514 1990 | ||
| 100 | _aHenley, Virginia | ||
| 245 |
_aThe pirate and the pagan/ _cVirginia Henley |
||
| 260 |
_aNew York : _bDell Publishing, _cc1990. |
||
| 300 |
_a453 p. ; _c17 cm. |
||
| 650 | _a1. Fiction. | ||
| 942 |
_2ddc _cFIC. _hFic. _n0 |
||
| 999 |
_c9332 _d9332 |
||